El Arbol de la vida: la cascarilla en los Andes ecuatorianos en el siglo XVIII

Saved in:
Bibliographic Details
Main Author: Moya, Luz del Alba
Format: Text
Published: Quito: FLACSO
Tags: Add Tag
No Tags, Be the first to tag this record!

MARC

LEADER 00000 a a2200000 04500
001 23597
003
040 |a CRAI/IIS  |c CRAI/IIS 
020 |a 9978-67-030-0  
090 |a 162200  
100 |a Moya, Luz del Alba  
245 |a El Arbol de la vida: la cascarilla en los Andes ecuatorianos en el siglo XVIII  
260 |a Quito:   |b FLACSO  
300 |a 251 p   |b **no definido**  
999 |c 5967  |d 5967